书目信息 |
| 题名: |
趣味促销案例集锦
|
|
| 作者: | 樊丽丽 主编 | |
| 分册: | ||
| 出版信息: | 北京 中国经济出版社 2005.01 |
|
| 页数: | 303页 | |
| 开本: | 20cm | |
| 丛书名: | ||
| 单 册: | ||
| 中图分类: | F713.50 | |
| 科图分类: | ||
| 主题词: | 商业经济--国内 | |
| 电子资源: | ||
| ISBN: | 978-7-5017-6790-8 | |
| 000 | 00588nam0 2200217 45 | |
| 001 | 0933553375 | |
| 005 | 20091103092005.01 | |
| 010 | @a978-7-5017-6790-8@dCNY18.00 | |
| 100 | @a20090515d2005 ekmy0 y0120 ea | |
| 102 | @aCN@b130000 | |
| 102 | @aCN@b110000 | |
| 105 | @ay z 000yy | |
| 200 | 1 | @a趣味促销案例集锦@f樊丽丽主编@Ffan li li zhu bian |
| 210 | @a北京@c中国经济出版社@d2005.01 | |
| 215 | @a303页@d20cm | |
| 606 | 0 | @a商业经济@x国内 |
| 690 | @aF713.50@v4 | |
| 701 | 0 | @a樊丽丽@Afan li li@4主编 |
| 801 | 0 | @aCN@c20091103 |
| 905 | @a10447@dF713.50@eF060 | |
| 906 | @d18@n3@r1 | |
| 趣味促销案例集锦/樊丽丽主编.-北京:中国经济出版社,2005.01 |
| 303页;20cm |
| ISBN 978-7-5017-6790-8:CNY18.00 |
| ● |
| 相关链接 |
|
|
|
正题名:趣味促销案例集锦
索取号:F713.50/F060
 
预约/预借
| 序号 | 登录号 | 条形码 | 馆藏地/架位号 | 状态 | 备注 |
| 1 | 659193 | 206591936 | 社科库409/409社科库 43排2列4层/ [索取号:F713.50/F060] | 在馆 | |
| 2 | 659194 | 206591945 | 社科库409/409社科库 43排2列4层/ [索取号:F713.50/F060] | 在馆 | |
| 3 | 659195 | 206591954 | 管理学院资料室/ [索取号:F713.50/F060] | 在馆 |